Statistics for The Ultimate Bob's Burgers Quiz

Click here to take the quiz!

General Stats

  • This quiz has been taken 2,232 times
  • The average score is 10 of 15

Answer Stats

HintAnswer% Correct
What is Bob's last name?Belcher
98%
In the episode where Bob and his family go looking for a Christmas tree, they are being followed by a truck looking like a giant _____ ____.Candy cane
90%
In which state does Bob's Burgers take place?New Jersey
77%
In the episode where Louise runs away, she finds out she has a ______.Cavity
77%
Who ties up Bob and Mr.Fischeoder under the pier?Felix
75%
Which child forgets the black garlic when Bob enters a burger contest?Gene
67%
Linda starts to favorite Gene in one of the episodes because he becomes a __________.Cheerleader
63%
A motorcycle gang called the ___ ____ ______.One Eyed Snakes
62%
What does Jimmy Pesto write on "Burger Boss" when he beats Bob's high score?Bob sux
62%
Tina gets a ghost boyfriend, what is his name?Jeff
59%
Tina tries _______ for the first time and becomes addicted.Espresso
55%
Louise takes home the class pet, what kind of animal is the class pet?Chinchilla
55%
Linda gets a part time job in one of the episodes, what is the name of her new job?Fresh Feed
47%
What is the name of the band Linda used to be in, in highschool?The Tatas
47%
Who opened up for Linda's band for the highschool reunion?Bad Hair Day
45%

Score Distribution

Percentile by Number Answered

Percent of People with Each Score

Your Score History

You have not taken this quiz